000 00964nam a22001817a 4500
999 _c60874
_d60874
005 20231113160737.0
008 231113s2004 ru ||||| |||| 00| 0 rus d
020 _a5802904240
041 _arus
080 _a006:91:336.74(031) Г-76
100 _aГрамм, Михаил
_920360
245 _aИстория цивилизации в зеркале мер, единиц и денег:
_bЗанимательная энциклопедия с интернет-адресами /
_cМихаил Грамм.
264 _aЧелябинск:
_bАркаим,
_c2004.
300 _a344 стр. :
_bил. ;
_c25 см.
653 _aცივილიზაციის ისტორია ზომების, ერთეულებისა და ფულის სარკეში
653 _aგასართობი ენციკლოპედია ინტერნეტ მისამართებით
942 _2udc
_cᲬᲘᲒᲜᲘ